000 00799nam a2200253 a 4500
001 BRL_1184
005 20190320211055.0
008 221113s1988----mx-o######---#000-0#spa-#
020 _a968627202X
041 _aspa
044 _amx
050 4 _aTR820.5
_b.T87 1988
100 1 _aTurok Wallace, Antonio
_926040
245 1 0 _aImagenes de Nicaragua
_cAntonio turok.
260 _aMéxico
_bCasa de las imagenes
_c1988
300 _a82 p.
_bil.
_c26 cm.
500 _aIncluye dedicatoria a Ruth Lechuga
500 _aAu1381
651 4 _aNicaragua
_vLibros de láminas
_xVida social y costumbres
_926041
651 4 _aNicaragua
_vLibros de láminas
_xDescripciones y viajes
_926042
651 4 _aNicaragua
_vLibros de láminas
_xHistoria
_yRevolución, 1979
_926043
902 _aGRL
942 _2lcc
_cB
999 _c9996
_d9996